000 00366nam a2200145Ia 4500
999 _c3530
_d3530
008 200103s 1994 ||||xx |||||||||||||| ||und||
020 _a9780115510489
082 _a343.410
_bDOT
100 _aHMSO
245 0 _aCode of safe working practices for merchant seamen
250 _a3rd Ed.
260 _bHMSO
_c1994
_aLondon
300 _axi,195p.
942 _cBK